| 000 | 00519nam a2200193 a 4500 | ||
|---|---|---|---|
| 001 | 6233 | ||
| 005 | 20180713190101.0 | ||
| 008 | 140415s1982 mx 000 0 spa d | ||
| 020 | _a9681304632 | ||
| 041 | _aspa | ||
| 082 |
_a003.3 _bGOR |
||
| 100 | 1 | _aGORDON, GEOFFREY | |
| 245 | 1 | 0 | _aSIMULACION DE SISTEMAS |
| 250 | _a1a ed. | ||
| 260 |
_aMEXICO : _bDIANA, _c1982 |
||
| 300 | _a344 | ||
| 650 | 1 | 4 |
_aMODELOS MATEMATICOS _xSIMULACION POR COMPUTADORES DIGITALES |
| 700 | 1 |
_aFERNANDEZ E., SERGIO _etr. |
|
| 999 |
_c6233 _d6233 |
||